| 000 | 00419nam a2200181Ia 4500 | ||
|---|---|---|---|
| 003 | GCL | ||
| 008 | 140319s9999 xx 000 0 eng d | ||
| 040 |
_aGCL / _cGCL |
||
| 082 | 0 | 4 |
_aCH _b745.9 _bB B |
| 100 | 1 | _aBOASA, PETRA | |
| 245 | 1 | 0 |
_aBADGE / _cBOASA, PETRA |
| 260 |
_a[S.N] : _bLORENZ BOOKS ، _c1996 |
||
| 300 | _a64 P | ||
| 650 | 0 | 4 | _aHANDCRAFT |
| 650 | 0 | 4 | _aCHILDREN |
| 650 | 0 | 4 | _aBADGES |
| 942 |
_2ddc _cBK |
||
| 999 |
_c14669 _d14669 |
||